000 00343nam a22001217a 4500
020 _a8122407692
082 _222
_a628.36
100 _aAthar, Mohammad and Vohora, Shashi B.
245 _aHeavy metals and environment /
260 _aNew Delhi,
_bNew Age International,
_cc2006.
300 _avi, 216 p. ;
_bill. ;
_c22 cm.
942 _2ddc
_cCIVIL
_01
999 _c288
_d288